Basic Business Finance Text and Cases

Enregistré dans:
Détails bibliographiques
Auteur principal: Hunt, Pearson
Autres auteurs: Williams, Charles M., Donaldson, Gordon
Format: Livre
Langue:anglais
Publié: Homewood Irwin 1966
Édition:1. ed.
Tags: Ajouter un tag
Pas de tags, Soyez le premier à ajouter un tag!

MARC

LEADER 00000nam a2200000 4500
001 c028284
005 20221220103436.8
041 0 |a eng 
044 |a US 
245 1 0 |a Basic Business Finance  |b Text and Cases  |c Pearson Hunt, Charles M. Williams, Gordon Donaldson 
250 |a 1. ed. 
264 1 |a Homewood  |b Irwin  |c 1966 
300 |a 1016 s. 
100 1 |a Hunt, Pearson 
700 1 |a Williams, Charles M. 
700 1 |a Donaldson, Gordon